01404nab a22002537a 4500999001500000003000400015005001700019008004100036040000700077100002900084245011400113260007300227300001300300500007100313505037200384505008900756650003500845650003000880650002300910650003100933650003500964773013800999942001301137 c5641d5641OSt20251226212222.0190603e xxum|||| |||| 00| 0 spa d cPJ 96455aLinovich, Jonathan10aJurisprudencia destacada en "Contratación electrónica: desafíos y oportunidades" /cJonathan Linovich.  cCiudad Autónoma de Buenos Aires :aThomson Reuters La Ley, b2025. ap. 60-62 aCita: TR LALEY AR/DOC/1045/2025 Publicado en: RCCyC 2025 (junio). aSumario: I. Firma en los escritos judiciales — II. Préstamo personal bancario celebrado por medios electrónicos.— III. Archivo de audio. Título ejecutivo inválido. — IV. Firma digital. — V. Juicio ejecutivo. Acuerdo transaccional celebrado por medios electrónicos.— VI. Competencia. Cheques electrónicos rechazados.— VII. Firma electrónica.  t¿Te interesa el texto completo? Solicitalo al correo: koha@justierradelfuego.gov.ar 091497aCODIGO CIVIL Y COMERCIAL 09286aCOMERCIO ELECTRONICO 09282aFIRMA DIGITAL 096228aTÍTULOS EJECUTIVOS 091057aJURISPRUDENCIA APLICABLE0 0271393170dCiudad Autónoma de Buenos Aires : Thomson Reuters La Ley, 2015-tRevista Código Civil y Comercial. Nº 3 - Junio 2025 2udccANA